000 00381nam a2200157Ia 4500
008 151213s9999 xx 000 0 und d
020 _a984-512-337-6
100 _aHasna Beguem
245 _aLecture Series
_cHasna Beguem
260 _aDhaka
_bAsiatic Socitey
300 _a7182 p.
650 _aBangla
650 _aBangla Literature
700 _aHasna Beguem
999 _c3820
_d3820